Estadísticas para Junta al País con su Capital: Oceanía

Haz click aquí para intentar la prueba.

Estadísticas generales

  • Esta prueba ha sido intentada 110 veces
  • La puntuación promedio es 6 de 14

Estadísticas de respuestas

HintRespuesta% Correcto
AustraliaCanberra
93%
Nueva ZelandaWellington
88%
NauruYaren
44%
FiyiSuva
42%
KiribatiTarawa Sur
42%
Islas SalomónHoniara
37%
Papúa Nueva GuineaPuerto Moresby
37%
Islas MarshallMajuro
33%
TongaNukualofa
33%
VanuatuPort Vila
33%
PalaosNgerulmud
30%
MicronesiaPalikir
30%
SamoaApia
28%
TuvaluFunafuti
28%

Distribución de puntuación

Porcentaje por número respondido

Porcentaje de gente con cada puntuación

Historial de tus puntuaciones

No has intentado esta prueba.